000 00976nam0a22002891 4500
001 v19\rc\1964768
005 20251118181030.2
035 _a(NLR Aleph) 005048147
090 _a6865670
_c6865670
100 _a20080428d1913 u y0rusy50 ca
101 0 _arus
102 _aRU
105 _ay z |||||
200 1 _aКраткий курс организации хозяйства
_fСост. Б.И. Ясенецкий, зав. Песочин. казен. имением и упр. Песочин. с.-х. шк.
210 _aСанкт-Петербург
_cА.Ф. Февриен
_d1913
215 _a[4], 79 с.
_d22
700 1 _aЯсенецкий
_bБ.И.
_gБорис Илларионович
_4220
801 0 _aRU
_bNLR
_gpsbo
801 0 _aRU
_bRuMoRGB
_2psbo
801 1 _aRU
_bProSoft-M
_2rusmarc
852 _aNLR
_j37.53.6.143
899 _aRuMoRGB
_jN 67/230
899 _aRuMoRGB
_jS 80/45
899 _aБАН
899 _aНБ МГУ
942 _cBOOK
980 _aNB